00483nam a2200169Ia 4500003000500000005001700005008004100022020001800063050002300081100002100104245006900125250001700194260003700211300002400248500002000272650002100292SISC20170130154010.0140321s9999 xx 000 0 und d a9789712360466 aHF 5387b.R53 2011 aRoa, Floriano C. aBusiness ethics and social reponsibility /cFr. Floriano C. Roa. a2nd edition. aManila :bREX Book Store,c2011. a290 pages ;c23 cm. aIncludes index. aBusiness ethics.